| 000 | 00642nam a22002057a 4500 | ||
|---|---|---|---|
| 008 | 230228b2022 xxk||||| |||| 00| 0 eng d | ||
| 041 | _aeng | ||
| 245 | _aThe History of the Rating Diploma 1919-2022 | ||
| 250 | _a2nd | ||
| 260 |
_bRoyal Institution of Chartered Surveyors Rating Diploma Holders' Section, _c2022 |
||
| 300 | _a167p. | ||
| 500 | _aDonated to the RICS library by the Rating Diploma Holders' Section | ||
| 650 | _aRATING VALUATION | ||
| 650 | _aRATING DIPLOMA | ||
| 651 | _aUnited Kingdom | ||
| 700 | _aWalter, Kurt | ||
| 700 | _aBond, Patrick | ||
| 710 | _aRICS Rating Diploma Holders' Section | ||
| 942 | _n0 | ||
| 999 |
_c121382 _d121382 |
||